000
00227 a2200097 4500
001
41330
100
_a
Akram
245
_a
The muslim conquerty of persia
260
_a
Rawalpindi
_b
Army educatin press
_c
090
_c
25513
_d
25513
942
_a
NUST-CAE
_c
M
_c
17240
999
_c
276403
_d
276403